Literatur und Film. Analyse einer Literaturverfilmung

Elmentve itt :
Bibliográfiai részletek
Szerző: Popelka Dóra
További közreműködők: Hárs Endre (Témavezető)
Dokumentumtípus: Szakdolgozat
Megjelent: 1998
Tárgyszavak:
Online Access:http://diploma.bibl.u-szeged.hu/145198
LEADER 00686nta a2200193 i 4500
001 dipl145198
005 20250404124732.0
008 250404s1998 hu om 000 ger d
040 |a SZTE Diploma Repozitórium  |b hun 
041 |a ger 
100 1 |a Popelka Dóra 
245 1 0 |a Literatur und Film. Analyse einer Literaturverfilmung  |h [elektronikus dokumentum] /  |c Dóra Popelka 
260 |c 1998 
650 4 |a Bölcsészettudományok 
650 4 |a Humanities 
650 4 |a Languages and Literature 
650 4 |a Arts (arts, history of arts, performing arts, music) 
700 0 1 |a Hárs Endre  |e ths 
856 4 0 |u https://diploma.bibl.u-szeged.hu/id/eprint/145198/1/1998_popelka_dora.pdf  |z Dokumentum-elérés